Culture Générale - Série 1961 - Statistiques

Statistiques générales
  • Ce quiz a été pris 74 fois
  • Le résultat moyen est 3 sur 10
Statistiques - réponses
Question Réponse % Correct
Quel célèbre pénitencier dont le nom espagnol signifie"pélican se trouve sur l'île du même nom située dans la baie de San Francisco ? Alcatraz
88%
Quelle espèce d'oiseau est le "fuligule milouin" ? voir photo canard
71%
Dans quel département français se trouve la ville d' Auch ? Gers
67%
Quel cocktail est fait à base de rhum, de jus d'ananas et de crème de coco ? pina colada
39%
Dans quel département français se trouve la ville d'Issoudun ? Indre
38%
Si vous ajoutez un "o" à ce poisson souvent mis en boîte, vous obtenez une pierre précieuse. Quel est le nom de cette pierre ? sardoine
7%
L'araignée des jardins s'appelle " épeire ... diadème
6%
Quel pianiste, organiste et chef d'orchestre de jazz américain (1904-1984) était surnommé " la machine à swing" ? Count Basie
4%
Quel mot d'origine anglaise désigne celui qui prend le contrôle d'une entreprise par le biais d'opérations financières ? raider
3%
L'abaca est une espèce de bananier dont la fibre utilisée pour fabriquer des ficelles et des cordes est appelée " chanvre de .... Manille
1%
Aucun quiz correspondant
Distribution des résultats
% des personnes avec chaque résultat
Percentile par nombre de réponses
Votre historique - résultats
Vous n’avez pas pris ce quiz